[Event "DRUZYNOWE MISTRZOSTWA POLSKI - II LIGA 2018"]
[Site "Jastrzebia Gora"]
[Date "1899-12-30"]
[Round "5.81"]
[White "Ciasnocha, Michal"]
[Black "Zgadzaj, Rafal"]
[Result "0-1"]
[WhiteTitle "I"]
[BlackTitle "k"]
[WhiteElo "1741"]
[BlackElo "2154"]

1. d4 f5 2. Nf3 Nf6 3. g3 d6 4. Bg2 g6 5. O-O Bg7 6. c4 O-O 7. Nc3 c6 8. Rb1 Qe8
9. Bf4 h6 10. h4 Nh5 11. Bd2 e5 12. d5 e4 13. Ne1 Nd7 14. b4 Ne5 15. Qb3 Kh7 16.
a4 Ng4 17. Nc2 Qe5 18. Nd1 f4 19. Bc3 Qe7 20. Bxg7 Kxg7 21. Qc3+ Kh7 22. Nd4 fxg3
23. fxg3 Rxf1+ 24. Bxf1 Qe5 25. Ne6 Bxe6 26. Qxe5 Nxe5 27. dxe6 Nxc4 28. g4 Ng7
29. Rc1 d5 30. Bg2 Ne5 31. b5 Nxe6 32. bxc6 bxc6 33. Ne3 Rb8 34. h5 gxh5 35. gxh5
Nf4 36. Rc2 Rb1+ 37. Kf2 Nxh5 38. Bh3 Nf6 39. Nf5 Nc4 40. Ne7 Rb6 41. Rc1 e3+
42. Kf3 Kg7 43. Nf5+ Kf8 44. Nxh6 Ne4 45. Nf5 Ng5+ 46. Kg4 Nxh3 47. Kxh3 Rb2 48.
Ng3 Ke7 49. Kg4 Kd6 50. Kf3 Ra2 51. Rc3 Rxa4 52. Nf5+ Kc5 53. Nxe3 0-1

[Event "DRUZYNOWE MISTRZOSTWA POLSKI - II LIGA 2018"]
[Site "Jastrzebia Gora"]
[Date "1899-12-30"]
[Round "5.82"]
[White "Malecki, Rafal"]
[Black "Ziemniak, Piotr"]
[Result "1-0"]
[WhiteTitle "k+"]
[BlackTitle "I"]
[WhiteElo "2030"]
[BlackElo "1739"]

1. Nf3 d6 2. g3 Nf6 3. Bg2 g6 4. O-O Bg7 5. d3 Nbd7 6. e4 e5 7. Nc3 O-O 8. a4 a5
9. h3 Nc5 10. Be3 Ne6 11. d4 exd4 12. Nxd4 c6 13. Nb3 Qc7 14. f4 b6 15. Qd2 Ba6
16. Rfd1 Rfd8 17. Qf2 Nc5 18. Nd4 Bb7 19. Nb3 Re8 20. Nxc5 bxc5 21. Rd2 Ba6 22.
Rad1 Red8 23. Kh2 Rab8 24. e5 dxe5 25. Rxd8+ Rxd8 26. Rxd8+ Qxd8 27. Bxc5 exf4
28. Qxf4 Bb7 29. Qd6 Qxd6 30. Bxd6 Nd5 31. Nxd5 cxd5 32. c3 Bc6 33. Bc7 Bxa4 34.
Bxd5 h5 35. h4 Bd1 36. Bxa5 Be5 37. Kg2 Kg7 38. Bb6 Kf8 39. Bd4 Bxd4 40. cxd4
f6 41. Kf2 Ke7 42. Ke3 Kd6 43. Bc4 Bg4 44. Bd3 g5 45. b4 Kd5 46. b5 gxh4 47. gxh4
f5 48. Kf4 Kxd4 49. b6 1-0

[Event "DRUZYNOWE MISTRZOSTWA POLSKI - II LIGA 2018"]
[Site "Jastrzebia Gora"]
[Date "1899-12-30"]
[Round "5.83"]
[White "Nowakowski, Jacek"]
[Black "Szajda, Marcin"]
[Result "1-0"]
[WhiteTitle "I"]
[BlackTitle "I++"]
[WhiteElo "1652"]
[BlackElo "1995"]

1. c4 c5 2. Nc3 Nc6 3. Nf3 Nf6 4. d3 g6 5. e4 Bg7 6. Be2 O-O 7. Be3 d6 8. h3 Nd7
9. Qd2 Nde5 10. Bh6 Nxf3+ 11. Bxf3 Nd4 12. h4 f5 13. Bxg7 Kxg7 14. h5 f4 15. hxg6
hxg6 16. O-O-O e5 17. Rdg1 Be6 18. Qd1 Qg5 19. Kb1 Rh8 20. Nb5 Rxh1 21. Rxh1 Nxb5
22. cxb5 a6 23. b6 Rh8 24. Rxh8 Kxh8 25. Qa4 Qd8 26. Qa5 Kg7 27. b3 Qd7 28. Kc2
Qb5 29. Qxb5 axb5 30. a4 b4 31. a5 Bc8 32. Bg4 1-0

[Event "DRUZYNOWE MISTRZOSTWA POLSKI - II LIGA 2018"]
[Site "Jastrzebia Gora"]
[Date "1899-12-30"]
[Round "5.84"]
[White "Chmiel, Dominika"]
[Black "Kozubal, Aleksandra"]
[Result "1-0"]
[WhiteTitle "m"]
[BlackTitle "I++"]
[WhiteElo "2098"]
[BlackElo "1754"]

1. e4 c5 2. Nf3 e6 3. d4 cxd4 4. Nxd4 a6 5. Nc3 Qc7 6. Be2 Bb4 7. O-O Nf6 8. Qd3
Nc6 9. Nxc6 dxc6 10. f4 O-O 11. e5 Rd8 12. Qh3 Nd5 13. Ne4 b5 14. a3 Be7 15. b3
Qb6+ 16. Kh1 Qd4 17. Rb1 Qxe4 18. Bd3 Nxf4 19. Bxf4 Rxd3 20. cxd3 Qd4 21. Qf3
Qd7 22. b4 Bb7 23. Be3 Rf8 24. Qg3 Ra8 25. d4 a5 26. Qf4 Bf8 27. Rf2 axb4 28.
axb4 Ra3 29. Rbf1 Bxb4 30. Bc1 Ra4 31. Qxf7+ Qxf7 32. Rxf7 Ba8 33. h4 h6 34. h5
c5 35. Bxh6 cxd4 36. Rxg7+ Kh8 37. Rff7 Be4 38. Rg4 Ra1+ 39. Kh2 Re1 40. Rd7 Ba5
41. Rgg7 Re2 42. Rde7 1-0

[Event "DRUZYNOWE MISTRZOSTWA POLSKI - II LIGA 2018"]
[Site "Jastrzebia Gora"]
[Date "1899-12-30"]
[Round "5.85"]
[White "Wyczling, Bartosz"]
[Black "Zakrzewski, Marek"]
[Result "1-0"]
[WhiteTitle "k"]
[BlackTitle "FM"]
[WhiteElo "2216"]
[BlackElo "2352"]

1. d4 Nf6 2. c4 e6 3. Nc3 Bb4 4. Qc2 O-O 5. e4 d5 6. e5 Ne4 7. a3 Bxc3+ 8. bxc3
c5 9. Bd3 cxd4 10. cxd4 Qa5+ 11. Kf1 Nc6 12. Ne2 f6 13. Bxe4 dxe4 14. exf6 Qf5
15. Be3 Qxf6 16. Rd1 e5 17. d5 Ne7 18. Ng3 Bg4 19. Rc1 Rac8 20. Qa2 Qh4 21. Kg1
Nf5 22. Nxf5 Rxf5 23. h3 Rh5 24. g3 Qxh3 25. Rxh3 Rxh3 26. Kg2 Rh5 27. f4 Bf3+
28. Kf1 exf4 29. gxf4 g5 30. d6 gxf4 31. c5+ Kg7 32. Bd4+ Kf8 33. Qe6 Rh1+ 34.
Kf2 Rh2+ 35. Ke1 Rh1+ 36. Kd2 1-0

[Event "DRUZYNOWE MISTRZOSTWA POLSKI - II LIGA 2018"]
[Site "Jastrzebia Gora"]
[Date "1899-12-30"]
[Round "5.86"]
[White "Hemmerling, Jaroslaw"]
[Black "Libura, Wieslaw"]
[Result "1/2-1/2"]
[WhiteTitle "I++"]
[BlackTitle "k"]
[WhiteElo "1910"]
[BlackElo "2218"]

1. Nf3 d5 2. g3 Nf6 3. Bg2 c5 4. O-O e6 5. d4 b6 6. c4 Bb7 7. cxd5 exd5 8. Nc3
Be7 9. Qb3 c4 10. Qc2 Nc6 11. Bg5 O-O 12. Rad1 Nb4 13. Qb1 a6 14. Ne5 b5 15. a3
Nc6 16. Bxf6 Bxf6 17. Nxd5 Bxe5 18. dxe5 Nxe5 19. Qf5 Nc6 20. Nb4 Qc8 21. Qxc8
Rfxc8 22. Rd7 Rab8 23. Rxb7 Rxb7 24. Bxc6 Rbb8 25. Bf3 c3 26. bxc3 Rxc3 27. Nxa6
Rb6 28. Rd1 g6 29. Nb4 Rxa3 30. Rd8+ Kg7 31. Nd5 Rc6 32. Nf4 g5 33. Nd3 Rc7 34.
Rb8 Rb3 35. Rb6 Re7 36. Nc5 Rb2 37. Nd3 Rb3 38. Nc5 Rb2 39. Nd3 Rb3 1/2-1/2

[Event "DRUZYNOWE MISTRZOSTWA POLSKI - II LIGA 2018"]
[Site "Jastrzebia Gora"]
[Date "1899-12-30"]
[Round "5.87"]
[White "Piliczewski, Bogusz"]
[Black "Bajerlein, Dawid"]
[Result "0-1"]
[WhiteTitle "I+"]
[BlackTitle "k"]
[WhiteElo "2042"]
[BlackElo "2026"]

1. d4 Nf6 2. Nf3 g6 3. Bf4 Bg7 4. h3 O-O 5. c4 c5 6. e3 cxd4 7. exd4 d5 8. Nc3
Nc6 9. Be2 Bf5 10. O-O Rc8 11. c5 Ne4 12. Bb5 Qa5 13. Bxc6 Nxc3 14. Bd2 Nxd1 15.
Bxa5 Rxc6 16. Rfxd1 b6 17. cxb6 axb6 18. Bc3 Ra8 19. a3 Rc7 20. Ne5 Be4 21. Nd3
Bxd3 22. Rxd3 e6 23. f4 Rc4 24. Rf1 Rac8 25. Rff3 b5 26. Kf2 Bf8 27. Ke2 Bd6 28.
g3 h5 29. g4 hxg4 30. hxg4 b4 31. axb4 Bxb4 32. Rfe3 Kg7 33. Kf3 Kf6 34. Kg3 Bd6
35. Kf3 Rh8 36. Be1 Rc2 37. b3 Rh1 38. Re2 Rxe2 39. Kxe2 Bxf4 40. b4 Kg5 41. Rb3
Kxg4 42. b5 Rh2+ 43. Kd1 Kf5 44. Ba5 Rh8 45. Rf3 Rc8 46. Bb4 Rc1+ 47. Ke2 Rb1
48. Bd2 g5 49. Bxf4 gxf4 50. Rh3 Rb2+ 51. Kf3 Rb3+ 52. Kg2 Rxb5 53. Rh7 f6 54.
Rh5+ Ke4 55. Rh6 Rb2+ 56. Kf1 Kxd4 0-1

[Event "DRUZYNOWE MISTRZOSTWA POLSKI - II LIGA 2018"]
[Site "Jastrzebia Gora"]
[Date "1899-12-30"]
[Round "5.88"]
[White "Bernat, Marcin"]
[Black "Putlak, Wojciech"]
[Result "0-1"]
[WhiteTitle "k"]
[BlackTitle "I++"]
[WhiteElo "2080"]
[BlackElo "2017"]

1. g3 Nf6 2. Bg2 g6 3. c4 c5 4. Nc3 Nc6 5. d3 Bg7 6. e4 d6 7. Nge2 Bd7 8. Bg5 a6
9. a3 Rb8 10. Rb1 b5 11. cxb5 axb5 12. b4 cxb4 13. axb4 O-O 14. Qd2 Ne5 15. O-O
Bh3 16. Bxf6 Bxf6 17. Nd5 Bg7 18. f4 Bxg2 19. Kxg2 Nd7 20. Rbc1 Nb6 21. Nxb6 Qxb6
22. Rc2 Rfc8 23. Rfc1 Qb7 24. Kf3 e6 25. g4 h6 26. Ng3 Bf6 27. h3 Kg7 28. Ne2
Ra8 29. Rxc8 Rxc8 30. Rxc8 Qxc8 31. Qa2 Qc6 32. Ke3 d5 33. exd5 exd5 34. Qb1 d4+
35. Kf2 Bh4+ 36. Ng3 Qc3 37. Qd1 Qxb4 38. Kf3 Bxg3 39. Kxg3 Qc3 40. Qe2 Qc5 41.
h4 b4 42. g5 hxg5 43. hxg5 b3 44. Kh4 Qb5 45. Qe7 Qxd3 46. Qf6+ Kg8 47. Qd8+ Kh7
48. Qe8 Qf5 49. Qb8 Qd5 0-1

[Event "DRUZYNOWE MISTRZOSTWA POLSKI - II LIGA 2018"]
[Site "Jastrzebia Gora"]
[Date "1899-12-30"]
[Round "5.89"]
[White "Paziak, Patryk"]
[Black "Glatty, Zbigniew"]
[Result "0-1"]
[WhiteTitle "I"]
[BlackTitle "I"]
[WhiteElo "1803"]
[BlackElo "1823"]

1. c4 Nf6 2. Nc3 e6 3. Nf3 d5 4. g3 c6 5. cxd5 exd5 6. Bg2 Bd6 7. O-O O-O 8. d4
h6 9. Qd3 Re8 10. Bf4 Ne4 11. Bxd6 Qxd6 12. Ne5 Nxc3 13. bxc3 Nd7 14. f4 f6 15.
Qg6 Qe7 16. Ng4 Kh8 17. f5 Nf8 18. Qh5 Kg8 19. e4 dxe4 20. Rae1 Qf7 21. Qxf7+
Kxf7 22. Bxe4 Bd7 23. Bc2 Nh7 24. h4 Rxe1 25. Rxe1 Re8 26. Bb3+ Kf8 27. Rxe8+
Kxe8 28. Ne3 Ke7 29. Kf2 Nf8 30. Kf3 Be8 31. Ke4 Kd6 32. Ng2 Nd7 33. Nf4 Nf8 34.
Bg8 Kc7 35. g4 Kd6 36. c4 b6 37. h5 Bd7 38. Ne6 Nxe6 39. fxe6 Bxe6 40. Bxe6 Kxe6
41. d5+ cxd5+ 42. cxd5+ Kd6 43. Kf5 b5 44. Kg6 b4 45. Kxg7 a5 46. Kxh6 a4 47.
Kg6 b3 48. axb3 axb3 49. h6 b2 50. h7 b1=Q+ 51. Kg7 Qb7+ 52. Kg8 Qxd5+ 53. Kf8
Qa8+ 54. Kg7 Qb7+ 55. Kg8 Qc8+ 0-1

[Event "DRUZYNOWE MISTRZOSTWA POLSKI - II LIGA 2018"]
[Site "Jastrzebia Gora"]
[Date "1899-12-30"]
[Round "5.90"]
[White "Debowiak, Arleta"]
[Black "Kindler, Karolina"]
[Result "1/2-1/2"]
[WhiteTitle "k+"]
[BlackTitle "I++"]
[WhiteElo "1889"]
[BlackElo "1632"]

1. e4 c5 2. Nf3 e6 3. d4 cxd4 4. Nxd4 Nf6 5. Nc3 d6 6. g4 a6 7. g5 Nfd7 8. Bg2
b5 9. a3 Bb7 10. h4 Nb6 11. h5 N8d7 12. Qe2 Nc5 13. b3 Rc8 14. Bd2 d5 15. e5 Ncd7
16. Nd1 Qc7 17. f4 Bc5 18. c3 Nb8 19. Be3 Qe7 20. O-O Nc6 21. b4 Bxd4 22. cxd4
Nc4 23. Bc1 Nxd4 24. Qd3 Nf5 25. Nf2 Qc7 26. Ng4 Qb6+ 27. Kh2 Qd4 28. Qxd4 Nxd4
29. h6 g6 30. Nf6+ Ke7 31. Rf2 Nb3 32. Rb1 Nxc1 33. Rxc1 Nxa3 34. Rxc8 Bxc8 35.
Bf1 Kd8 36. Kg3 Nc4 37. Bxc4 bxc4 38. Ra2 Bb7 39. Kf2 Kc7 40. Ke3 Kb6 41. Kd4
Kb5 42. Kc3 Bc6 43. Ra5+ Kb6 44. Rc5 Kb7 45. Kd4 Kb6 46. Kc3 Kb7 47. Kd4 Kb6 48.
Ra5 Bb5 49. Ra3 1/2-1/2

[Event "DRUZYNOWE MISTRZOSTWA POLSKI - II LIGA 2018"]
[Site "Jastrzebia Gora"]
[Date "1899-12-30"]
[Round "5.91"]
[White "Szmyd, Arkadiusz"]
[Black "Goluch, Piotr"]
[Result "1/2-1/2"]
[WhiteTitle "k"]
[BlackTitle "FM"]
[WhiteElo "2126"]
[BlackElo "2299"]

1. e4 c5 2. Nf3 d6 3. d4 cxd4 4. Nxd4 Nf6 5. Nc3 a6 6. Bg5 e6 7. f4 h6 8. Bh4 Qb6
9. a3 Nbd7 10. Bf2 Qc7 11. Qf3 b5 12. O-O-O Bb7 13. Bd3 Nc5 14. g4 d5 15. e5 Nfe4
16. Bxe4 Nxe4 17. Nxe4 dxe4 18. Qe3 Bc5 19. Kb1 Rc8 20. c3 Bd5 21. Rhe1 Qb7 22.
Qe2 Be7 23. h4 Rc4 24. Qd2 a5 25. Nf5 b4 26. cxb4 axb4 27. Nxe7 Kxe7 28. Rc1 Rxc1+
29. Rxc1 bxa3 30. Bc5+ Kd7 31. Bxa3 Qb3 32. Rc3 Qb5 33. Qf2 Rb8 34. Qa7+ Rb7 35.
Qc5 Qxc5 36. Bxc5 g6 37. Kc2 1/2-1/2

[Event "DRUZYNOWE MISTRZOSTWA POLSKI - II LIGA 2018"]
[Site "Jastrzebia Gora"]
[Date "1899-12-30"]
[Round "5.92"]
[White "Lukasiewicz, Krzysztof"]
[Black "Kaminski, Piotr"]
[Result "1/2-1/2"]
[WhiteTitle "k"]
[BlackTitle "k"]
[WhiteElo "2242"]
[BlackElo "2097"]

1. d4 d5 2. Bf4 Bf5 3. e3 Nf6 4. c4 e6 5. Nc3 c6 6. Qb3 Qb6 7. c5 Qxb3 8. axb3
a6 9. h3 Nbd7 10. Nf3 h6 11. b4 Rc8 12. Be2 g5 13. Bh2 Ne4 14. Nd2 Nxd2 15. Kxd2
Bg7 16. g4 Bg6 17. Bd3 e5 18. Ne2 exd4 19. exd4 O-O 20. f3 Bxd3 21. Kxd3 f5 22.
Bd6 Rf6 23. gxf5 Rxf5 24. f4 gxf4 25. Nxf4 Bf6 26. Rae1 Kf7 27. Rhg1 Nf8 28. Rg4
Bg5 29. h4 Bxf4 30. Rxf4 Rxf4 31. Bxf4 Ne6 32. Bxh6 Rh8 33. Bg5 Nxg5 34. hxg5
Rh2 35. Rf1+ Kg6 36. Rf6+ Kxg5 37. Rf7 Rxb2 38. Rxb7 a5 39. Rg7+ Kf5 40. bxa5
Rb3+ 41. Kc2 Ra3 42. Rc7 Ke4 43. Rxc6 1/2-1/2

[Event "DRUZYNOWE MISTRZOSTWA POLSKI - II LIGA 2018"]
[Site "Jastrzebia Gora"]
[Date "1899-12-30"]
[Round "5.93"]
[White "Knopik, Krzysztof"]
[Black "Jankowiak, Tomasz"]
[Result "1/2-1/2"]
[WhiteTitle "k"]
[BlackTitle "k"]
[WhiteElo "2078"]
[BlackElo "2107"]

1. e4 c5 2. Nf3 d6 3. Bc4 e6 4. Nc3 a6 5. a4 Nc6 6. d3 g6 7. O-O Bg7 8. Bg5 Nge7
9. Qd2 h6 10. Bh4 O-O 11. h3 b6 12. Nh2 Kh7 13. f4 Qd7 14. Ng4 Bd4+ 15. Nf2 Rb8
16. Rae1 Na7 17. f5 g5 18. fxe6 fxe6 19. Bg3 b5 20. axb5 axb5 21. Ba2 b4 22. Ncd1
Ba6 23. c3 Bg7 24. Ne3 Ng6 25. Nc4 Nf4 26. Ng4 bxc3 27. bxc3 Nb5 28. e5 Nh5 29.
Bh2 d5 30. Bb1 d4 31. cxd4 Qxd4+ 32. Kh1 Rxf1+ 33. Rxf1 Nc3 34. Bc2 Bxc4 35. dxc4+
Kg8 36. Qd3 Qxd3 37. Bxd3 Rf8 38. Rc1 Na2 39. Ra1 Nb4 40. Bg6 Nf4 41. Bxf4 Rxf4
42. Ra8+ Rf8 43. Ra5 h5 44. Bxh5 Nd3 45. g3 Kh8 46. Bg6 Nxe5 47. Nxe5 Bxe5 48.
Rxc5 Bd4 49. Rxg5 Rf1+ 50. Kh2 Rf2+ 51. Kh1 Rf1+ 1/2-1/2

[Event "DRUZYNOWE MISTRZOSTWA POLSKI - II LIGA 2018"]
[Site "Jastrzebia Gora"]
[Date "1899-12-30"]
[Round "5.94"]
[White "Lukasiewicz, Anna"]
[Black "Boruta, Dawid"]
[Result "1-0"]
[WhiteTitle "m"]
[BlackTitle "I"]
[WhiteElo "2094"]
[BlackElo "1854"]

1. e4 c6 2. d4 d5 3. exd5 cxd5 4. Bd3 Nc6 5. c3 Qc7 6. Ne2 Bg4 7. O-O e6 8. Qe1
Bxe2 9. Qxe2 Nf6 10. f4 Bd6 11. g3 O-O 12. Nd2 a6 13. Nf3 b5 14. Bd2 Rfe8 15.
Rae1 Na5 16. Ne5 Nc4 17. Bc1 Rac8 18. a3 Qb6 19. Kh1 Re7 20. Qg2 Rce8 21. Qh3
Qb7 22. Qg2 a5 23. g4 b4 24. axb4 axb4 25. g5 Nh5 26. Qh3 g6 27. Ng4 Kg7 28. Nf6
Rh8 29. Nxh5+ gxh5 30. Qxh5 Kf8 31. Qh6+ Ke8 32. Qf6 Rf8 33. Bxh7 bxc3 34. bxc3
1-0

[Event "DRUZYNOWE MISTRZOSTWA POLSKI - II LIGA 2018"]
[Site "Jastrzebia Gora"]
[Date "1899-12-30"]
[Round "5.95"]
[White "Zawierucha, Aleksander"]
[Black "Jankowiak, Piotr"]
[Result "1/2-1/2"]
[WhiteTitle "k"]
[BlackTitle "I+"]
[WhiteElo "1879"]
[BlackElo "1925"]

1. d4 d5 2. c4 e6 3. Nc3 Be7 4. cxd5 exd5 5. Qc2 c6 6. Bf4 Nf6 7. e3 O-O 8. Bd3
Be6 9. Nf3 Nbd7 10. O-O h6 11. Ne5 Nxe5 12. Bxe5 Ng4 13. Bg3 Bd6 14. Bf5 Bxg3
15. hxg3 Bxf5 16. Qxf5 Qg5 17. Qxg5 hxg5 18. Rfe1 f5 19. f3 Nf6 20. Kf2 Kf7 21.
Na4 Ke6 22. Rh1 Rh8 23. b3 Rac8 24. b4 Rxh1 25. Rxh1 Rb8 26. Rb1 b5 27. Nb2 a5
28. Nd3 Rc8 29. Rc1 Kd6 30. Rc2 a4 31. a3 Rf8 32. f4 g4 33. Ne5 1/2-1/2

[Event "DRUZYNOWE MISTRZOSTWA POLSKI - II LIGA 2018"]
[Site "Jastrzebia Gora"]
[Date "1899-12-30"]
[Round "5.96"]
[White "Czarniecka, Aleksandra"]
[Black "Gonsior, Monika"]
[Result "0-1"]
[WhiteTitle "k"]
[BlackTitle "m"]
[WhiteElo "1822"]
[BlackElo "1993"]

1. e4 e6 2. d4 b6 3. Bd3 Bb7 4. Nf3 c5 5. c3 d5 6. Qe2 Be7 7. e5 Nc6 8. a3 Qc7
9. Nbd2 h6 10. b4 c4 11. Bc2 O-O-O 12. Ba4 g5 13. h3 Rf8 14. Bxc6 Bxc6 15. a4
h5 16. b5 Bb7 17. Nf1 Qd8 18. Qe3 f5 19. exf6 Bxf6 20. Nxg5 Qd7 21. Nh2 e5 22.
dxe5 Bxe5 23. O-O Re8 24. Qd2 Qg7 25. Bb2 Nf6 26. f4 Bc7 27. Qd4 Re2 28. Rf2 Rhe8
29. Nhf3 Qg6 30. Rc1 Bd6 31. Nh4 Re1+ 32. Rxe1 Rxe1+ 33. Rf1 Qb1 34. Rxe1 Qxe1+
35. Kh2 Ng4+ 36. hxg4 Qxh4+ 37. Nh3 hxg4 38. Qf2 Qh7 39. Bc1 gxh3 40. gxh3 Kc7
41. Be3 Bc8 42. Qf3 Qd3 43. h4 Bc5 44. h5 Qxe3 0-1

[Event "DRUZYNOWE MISTRZOSTWA POLSKI - II LIGA 2018"]
[Site "Jastrzebia Gora"]
[Date "1899-12-30"]
[Round "5.97"]
[White "Borawski, Jakub"]
[Black "Kosiorek, Marek"]
[Result "1-0"]
[WhiteTitle "k"]
[BlackTitle "m"]
[WhiteElo "2150"]
[BlackElo "2307"]

1. e4 g6 2. d4 Bg7 3. Nc3 d6 4. Be3 a6 5. Qd2 b5 6. a4 b4 7. Nd1 a5 8. c3 bxc3
9. bxc3 Nf6 10. f3 O-O 11. Bd3 Nbd7 12. Ne2 e5 13. O-O d5 14. Nf2 Re8 15. Bg5
Bb7 16. exd5 Bxd5 17. Rfc1 exd4 18. cxd4 Nb6 19. Ne4 c6 20. Rab1 Nbd7 21. N2c3
Nf8 22. Nxd5 cxd5 23. Nc5 Ra7 24. Bb5 Ree7 25. Rc2 Ne6 26. Nxe6 fxe6 27. Rbc1
Rec7 28. Bc6 Bf8 29. Qf4 Rf7 30. Bb5 Qd6 31. Qxd6 Bxd6 32. Rc6 Bb4 33. Rxe6 Kg7
34. Bf4 Rfe7 35. Rec6 Kf7 36. Bg5 Re6 37. Rxe6 Kxe6 38. Rc6+ 1-0

[Event "DRUZYNOWE MISTRZOSTWA POLSKI - II LIGA 2018"]
[Site "Jastrzebia Gora"]
[Date "1899-12-30"]
[Round "5.98"]
[White "Myc, Marcin"]
[Black "Daniel, Damian"]
[Result "1-0"]
[WhiteTitle "m"]
[BlackTitle "k"]
[WhiteElo "2267"]
[BlackElo "2174"]

1. Nf3 Nf6 2. c4 e6 3. g3 b6 4. Bg2 Bb7 5. O-O Be7 6. b3 O-O 7. Bb2 d5 8. e3 dxc4
9. bxc4 c5 10. Nc3 Nc6 11. Qe2 Rc8 12. Rfd1 Qc7 13. Rac1 Rfd8 14. Nb5 Qb8 15.
d3 Ne8 16. d4 cxd4 17. exd4 Bf6 18. d5 exd5 19. cxd5 Na5 20. Rxc8 Bxc8 21. Ne5
a6 22. Nc6 Nxc6 23. dxc6 Rxd1+ 24. Qxd1 axb5 25. Bxf6 gxf6 26. Qd8 Kf8 27. Bh3
Qc7 28. Qxc8 Qxc8 29. Bxc8 Ke7 30. Bf5 h6 31. f4 Kd6 32. Be4 b4 33. Kf2 Nc7 34.
Ke3 Nb5 35. h4 Nc3 36. g4 f5 37. Bxf5 Kxc6 38. g5 hxg5 39. h5 Nd5+ 40. Kd4 Ne7
41. Be4+ 1-0

[Event "DRUZYNOWE MISTRZOSTWA POLSKI - II LIGA 2018"]
[Site "Jastrzebia Gora"]
[Date "1899-12-30"]
[Round "5.99"]
[White "Szmyd, Marek"]
[Black "Czapla, Andrzej"]
[Result "1-0"]
[WhiteTitle "k"]
[BlackTitle "I"]
[WhiteElo "1921"]
[BlackElo "1987"]

1. b3 d5 2. Bb2 Bg4 3. Nf3 Bxf3 4. exf3 Nf6 5. g3 e6 6. Bg2 Bd6 7. f4 O-O 8. O-O
Nbd7 9. Re1 Re8 10. Be5 Bf8 11. c4 c6 12. d3 a5 13. Nc3 Bb4 14. a3 Nxe5 15. axb4
Ned7 16. b5 Qc7 17. Qc2 Red8 18. d4 Rac8 19. Rec1 Ne8 20. c5 b6 21. bxc6 Qxc6
22. cxb6 Qxb6 23. Qd1 Rb8 24. f5 Qxb3 25. Qxb3 Rxb3 26. fxe6 fxe6 27. Nxd5 Nf8
28. Ne7+ Kf7 29. Nc6 Rd6 30. Rxa5 Rb6 31. Ne5+ Ke7 32. Ra7+ Nd7 33. Nc4 1-0

[Event "DRUZYNOWE MISTRZOSTWA POLSKI - II LIGA 2018"]
[Site "Jastrzebia Gora"]
[Date "1899-12-30"]
[Round "5.100"]
[White "Lukasik, Adam"]
[Black "Zminda, Bogdan"]
[Result "0-1"]
[WhiteTitle "I"]
[BlackTitle "k"]
[WhiteElo "1985"]
[BlackElo "1982"]

1. d4 Nf6 2. Nf3 g6 3. c4 Bg7 4. g3 O-O 5. Bg2 d6 6. O-O c5 7. Nc3 Nbd7 8. d5 Ne5
9. Nd2 g5 10. Nf3 h6 11. Nxe5 dxe5 12. Qb3 Rb8 13. Qa3 b6 14. Qxa7 Bd7 15. Qa3
Ne8 16. e4 Nd6 17. Qb3 f5 18. f3 Qe8 19. Bd2 Qg6 20. Rae1 h5 21. Nb5 Bxb5 22.
cxb5 fxe4 23. fxe4 Rxf1+ 24. Kxf1 g4 25. a4 Bh6 26. Bxh6 Qxh6 27. Qc3 Qg5 28.
b3 c4 29. Kg1 cxb3 30. Qxb3 Qd2 31. Rd1 Qg5 32. a5 bxa5 33. b6 a4 34. Qxa4 Rxb6
35. Qa8+ Kg7 36. Rf1 Nf7 37. Qe8 Rf6 38. Rxf6 Qxf6 39. Qc6 Nd6 40. Qc1 Nf7 41.
Qe3 Ng5 42. Qf2 Qxf2+ 43. Kxf2 Kf8 44. Bf1 Nxe4+ 45. Ke3 Nf6 46. h3 Ke8 47. h4
Kd7 48. Bc4 Kd6 49. Bb3 Nxd5+ 50. Bxd5 Kxd5 0-1

[Event "DRUZYNOWE MISTRZOSTWA POLSKI - II LIGA 2018"]
[Site "Jastrzebia Gora"]
[Date "1899-12-30"]
[Round "5.101"]
[White "Borowski, Przemyslaw"]
[Black "Kurpiewski, Slawomir"]
[Result "1/2-1/2"]
[WhiteTitle "I"]
[BlackTitle "k"]
[WhiteElo "1807"]
[BlackElo "1997"]

1. e4 e5 2. Nf3 Nc6 3. d4 exd4 4. Bc4 Nf6 5. O-O Nxe4 6. Re1 d5 7. Bxd5 Qxd5 8.
Nc3 Qa5 9. Nxe4 Be6 10. Neg5 O-O-O 11. Nxe6 fxe6 12. Rxe6 Bd6 13. Qe2 Qh5 14.
h3 h6 15. Nxd4 Qxe2 16. Nxe2 Bc5 17. Bf4 g5 18. Be3 Bxe3 19. Rxe3 Rd2 20. Rc1
Nb4 21. a3 Nxc2 22. Rc3 Rxe2 23. R3xc2 Rxc2 24. Rxc2 Re8 25. Kh2 Re4 26. f3 Rd4
27. Re2 Kd7 28. g4 Rd5 29. Kg3 c5 30. h4 b5 31. hxg5 hxg5 32. Re3 c4 33. f4 gxf4+
34. Kxf4 Rd2 35. b3 1/2-1/2

[Event "DRUZYNOWE MISTRZOSTWA POLSKI - II LIGA 2018"]
[Site "Jastrzebia Gora"]
[Date "1899-12-30"]
[Round "5.102"]
[White "Waszczuk, Patrycja"]
[Black "Czaplewska, Klara"]
[Result "1/2-1/2"]
[WhiteTitle "k"]
[BlackTitle "k+"]
[WhiteElo "1983"]
[BlackElo "1873"]

1. e4 e5 2. Nf3 Nc6 3. Bb5 a6 4. Ba4 Nf6 5. O-O d6 6. Re1 b5 7. Bb3 Na5 8. d4 Nxb3
9. axb3 exd4 10. Nxd4 c5 11. Nxb5 Bg4 12. f3 axb5 13. Rxa8 Qxa8 14. fxg4 Be7 15.
Nc3 Qb7 16. Bf4 Qd7 17. g5 Ng4 18. Qd5 b4 19. Na4 Qc7 20. e5 dxe5 21. Bxe5 Nxe5
22. Qxe5 Qxe5 23. Rxe5 f6 24. gxf6 gxf6 25. Rd5 Kf7 26. Kf2 Rc8 27. Ke3 c4 28.
bxc4 Rxc4 29. Kd3 Rf4 30. Rh5 Kg6 31. Rh3 Rg4 32. Re3 Bd6 33. g3 Rg5 34. c4 Ra5
35. b3 Rh5 36. Re2 Rf5 37. c5 Bxc5 38. g4 Rf3+ 39. Ke4 Rf2 40. Rxf2 Bxf2 41. Nb2
Kg5 42. Kf3 Bd4 43. Nd3 Bc3 44. Kg3 f5 45. h4+ Kf6 46. g5+ Ke6 47. Kf3 Bd2 48.
Ke2 Bc3 49. Ke3 Kd5 50. Nf4+ Ke5 51. h5 Bd4+ 52. Kf3 Bc3 53. h6 Kd6 54. Ke3 Ke5
55. Kf3 Kd6 56. Ne2 Be5 57. Nc1 Bc3 58. Na2 Bd2 59. g6 Bxh6 60. gxh7 Bg7 61. Kf4
Ke6 62. Nxb4 Kf6 63. Nc6 Kg6 64. b4 Kxh7 65. b5 Bf8 66. Kxf5 Bc5 67. Ke6 Kg7 68.
Ne5 Bd4 69. Nd7 Bf2 70. Kd6 Kf7 71. Nc5 Ke8 72. b6 Kd8 73. Kc6 Bg3 1/2-1/2

[Event "DRUZYNOWE MISTRZOSTWA POLSKI - II LIGA 2018"]
[Site "Jastrzebia Gora"]
[Date "1899-12-30"]
[Round "5.103"]
[White "Maj, Pawel"]
[Black "Luba, Lukasz"]
[Result "0-1"]
[WhiteTitle "k"]
[BlackTitle "I++"]
[WhiteElo "2090"]
[BlackElo "2130"]

1. c4 e5 2. g3 Ne7 3. d4 e4 4. Bg2 f5 5. f3 d5 6. cxd5 exf3 7. Nxf3 Nxd5 8. O-O
Be7 9. Nc3 Nc6 10. e4 fxe4 11. Nxe4 O-O 12. Bd2 Bf5 13. Nc3 Ndb4 14. Qb3+ Kh8
15. d5 Bc2 16. Qc4 Bd3 17. Qg4 Bxf1 18. Rxf1 Nxd5 19. Nxd5 Qxd5 20. Bf4 Qxa2 21.
Nh4 Bxh4 22. Qxh4 Qxb2 0-1

[Event "DRUZYNOWE MISTRZOSTWA POLSKI - II LIGA 2018"]
[Site "Jastrzebia Gora"]
[Date "1899-12-30"]
[Round "5.104"]
[White "Flak, Pawel"]
[Black "Szymczak, Rafal"]
[Result "1-0"]
[WhiteTitle "k"]
[BlackTitle "k"]
[WhiteElo "2159"]
[BlackElo "1883"]

1. d4 f5 2. g4 e6 3. gxf5 exf5 4. Bg2 Nf6 5. Bg5 Be7 6. Qd3 d5 7. c4 Ne4 8. Bxe7
Qxe7 9. Nc3 Qb4 10. cxd5 Qxb2 11. Qb5+ Qxb5 12. Nxb5 Na6 13. Rc1 Kd8 14. Nf3 Bd7
15. Nc3 Nd6 16. Ne5 Re8 17. e3 Re7 18. Bf1 Nb8 19. Bd3 Be8 20. Ne2 Nd7 21. Nf4
Nf8 22. Rg1 g6 23. h4 Nf7 24. Nf3 Nh6 25. Ng5 Bd7 26. h5 Ng4 27. hxg6 hxg6 28.
Rh1 c6 29. Rh8 Kc7 30. dxc6 bxc6 31. Nd5+ Kd6 32. Nxe7 Kxe7 33. Nh7 Nf6 34. Rxf8
Rxf8 35. Nxf8 Kxf8 36. Rb1 Be6 37. a4 Ke7 38. Rb7+ Kd6 39. Rxa7 Nd7 40. a5 c5
41. Ra6+ Kd5 42. Bc4+ Kxc4 43. Rxe6 cxd4 44. exd4 1-0

[Event "DRUZYNOWE MISTRZOSTWA POLSKI - II LIGA 2018"]
[Site "Jastrzebia Gora"]
[Date "1899-12-30"]
[Round "5.105"]
[White "Sielicki, Tomasz"]
[Black "Rakowiecki, Andrzej"]
[Result "1/2-1/2"]
[WhiteTitle "I++"]
[BlackTitle "I"]
[WhiteElo "1963"]
[BlackElo "1962"]

1. d4 Nf6 2. Bf4 b6 3. e3 Bb7 4. Nf3 e6 5. h3 g6 6. Bd3 Bg7 7. Nbd2 d5 8. Qe2 O-O
9. O-O c5 10. c3 Nc6 11. Ne5 c4 12. Bc2 b5 13. Bg5 Qc7 14. f4 Nh5 15. Bh4 f5 16.
Ndf3 Nf6 17. Nxc6 Bxc6 18. Ne5 Nd7 19. Be7 Rfe8 20. Bh4 a5 21. a3 Reb8 22. Be1
Bf8 23. Bd2 Nxe5 24. fxe5 b4 25. axb4 axb4 26. Rxa8 Bxa8 27. cxb4 Bxb4 28. Ra1
Bc6 29. Bc3 Bxc3 30. bxc3 Rb2 1/2-1/2